Normal view
MARC view
- Gandhi, M.K .
Entry Personal Name
001 - CONTROL NUMBER
- control field: 4546
003 - CONTROL NUMBER IDENTIFIER
- control field: OSt
005 - DATE AND TIME OF LATEST TRANSACTION
- control field: 20191106182934.0
008 - FIXED-LENGTH DATA ELEMENTS
- fixed length control field: 191106|| aca||aabn | a|a d
040 ## - CATALOGING SOURCE
- Original cataloging agency: OSt
- Transcribing agency: OSt
100 ## - HEADING--PERSONAL NAME
- Personal name: Gandhi, M.K .
670 ## - SOURCE DATA FOUND
- Source citation: Work cat.: (OSt): Gandhi, M.K ., In Search of the Supreme, vol 3 / , 1961.
